000 00697nam a22002177a 4500
999 _c20816
_d20816
003 AR-CdUCM
008 190319b ||||| |||| 00| 0 spa d
040 _aMUNICIPALIDAD PROVINCIAL DEL CUSCO
_cBIBLIOTECA MUNICIPAL DEL CUSCO
082 _a376.5108 /
_bP13
100 _aPacheco Vélez, César
_910387
245 _aEnseñanza de la historia y conciencia nacional /
260 _aPiura :
_bUniversidad de Piura,
_c1971.
300 _a45 páginas ;
_c20 cm.
440 _aColeccion algarrobo
_n4
_943483
505 _aContenido : Conciencia Nacional.
650 _aHistoria
_9136
650 _aNacionalismo
_92901
650 _aIdentidad nacional
_93845
942 _2ddc
_cLIBROS
945 _arcc